000 00278nam a22001217a 4500
082 _a553.28 PET'B
100 _aGUTHRIC, V.B
_978971
245 _aPETROLEUM PRODUCTS HANDBOOK
250 _a1ST
260 _aNEWYORK
_bMCGRAW HILL
_c1969
300 _aXVIII, 17-34P
942 _cBK
999 _c584042
_d584042